000
00235nam a22001097a 4500
008
170126b xxu||||| |||| 00| 0 eng d
020
_a
05177703
041
_a
eng
080
_a
61
245
_a
2009 ICD-9-CM
_c
BUCK, C.J
942
_2
udc
_c
BK
999
_c
3719
_d
3719